000 00587nam a2200217Ia 4500
005 20260115172903.0
008 008 260114s9999 xx 000 0 eng d
020 _a9781139026789
037 _aEBOOK
040 _aCRL
_beng
_cCRL
041 _aeng
_2eng
084 _qCRL
100 _aWakelnig
_9879903
245 2 _aA Philosophy Reader from the Circle of Miskawayh
260 _bCambridge University Press
260 _bCambridge University Press
260 _c2021
856 _uhttps://doi.org/10.1017/9781139026789
942 _cEBOOK
999 _c1478510
_d1478510